Avances en educacin̤, tic e innovacin̤ aportaciones para la mejora empresarial y social /

Bibliographic Details
Main Author: Lena-Acebo, Francisco Javier
Other Authors: Garca̕-Ruiz, Mara̕ Elena
Format: eBook
Language:Spanish
Published: Madrid: Dykinson, 2021
Subjects:
Online Access:Acceso restringido

MARC

LEADER 00000nam a22000007a 4500
005 2022021708068.0
007 cr|||| ||||
008 220217s2021 es |||||s|||| 00||0 spa d
020 |a 978-84-1377-504-3 
035 |a 35589 
040 |a vLex 
090 |c 13023  |d 13023 
100 1 |a Lena-Acebo, Francisco Javier 
245 1 0 |a Avances en educacin̤, tic e innovacin̤  |h [Recurso electrn̤ico] :  |b aportaciones para la mejora empresarial y social /  |c Francisco Javier Lena-Acebo, Mara̕ Elena Garca̕-Ruiz 
256 |a Servicio en ln̕ea 
260 |a Madrid:  |b Dykinson,  |c 2021 
300 |a 1 recurso electrn̤ico 
500 |a El presente libro ±AVANCES EN EDUCACIÓN, TIC E INNOVACIÓN: APORTACIONES PARA LA MEJORA EMPRESARIAL Y SOCIAL (Advances in Education, ICT and Innovation: Issues for Business and Social Enhancing)», recoge las aportaciones ms̀ interesantes enviadas por los participantes a INCETID: International Conference on Education, Technology, Innovation and Development celebrado del 25 al 26 de febrero de 2021. Entre ellas se encuentran Comunicaciones Cientf̕icas y resm︢enes de Trabajos Acadm̌icos tanto de Grado como de Posgrado defendidos con x̌ito en diferentes universidades. Todos ellos han pasado un proceso de revisin̤ por parte del Comit ̌Cientf̕ico, as ̕como una posterior seleccin̤ por el Comit ̌Organizador del Congreso y muestran una visin̤ sobre los intereses en investigacin̤ en el m̀bito universitario actual." 
506 1 |a Disponible solo en los productos indicados  |d vLex Global  |d vLex Global (Academic Edition, excluding Law Schools)  |d vLex Global (U.S. Academic Edition, Law Schools)  |d vLex Global (U.S. Academic Edition, excluding Law Schools)  |d vLex Global (Academic Edition, Law Schools) 
650 0 4 |a Ciencias sociales  |z Espaą 
700 1 |a Garca̕-Ruiz, Mara̕ Elena 
740 0 |a vLex Libros (Servicio en ln̕ea) 
856 4 0 |u https://app.vlex.com/#/sources/35589  |z Acceso restringido 
942 |c BOOK 
999 0 |a Social Sciences